| 000 | 00828nac a22002657a 4500 | ||
|---|---|---|---|
| 001 | BR0703857 | ||
| 003 | BR-BrBNA | ||
| 005 | 20240105123438.0 | ||
| 008 | 230509b bl.|||m| |||| 00| 0 por d | ||
| 040 |
_aBR-BrBNA _bpor _cBiblioteca Nacional de Agricultura |
||
| 072 | _aF04 | ||
| 090 | _a1910 BR0703857 | ||
| 100 | 1 | _aGriffing, J.B. | |
| 245 | 1 | _aAplicação do nitrogênio no melhoramento das pastagens | |
| 260 | 3 |
_aMatão, SP (Brasil): _bIBEC Research Institute, _c1960. |
|
| 300 | _a8 p. | ||
| 490 |
_aNota Técnica - IBEC Research Institute (Brazil) _vno. 3 _x |
||
| 500 | _aDocumento microfilmado e tratado BR7318013 | ||
| 650 | _aPASTAGEM | ||
| 650 | _aNITROGÊNIO | ||
| 650 | _aFERTILIZANTE | ||
| 650 | _aMELHORAMENTO VEGETAL | ||
| 909 |
_a202312 _bLúcia Elande _c55 _dLúcia Elande |
||
| 942 |
_2AGRIS _n0 _cMS |
||
| 999 |
_c295483 _d295483 |
||